00523cam a22002051a 4500001001300000003000400013005001700017008004100034010001700075025002000092035002000112040001700132042001200149050001800161100001600179245004900195260003600244300002000280999001700300sa 65003295 DLC20260227112122.0950412q19601969io 000 0 ind  asa 65003295  aPL480:Indo-1351 a(OCoLC)32297960 aDLCcWUdDLC apremarc00aPL5089.O8bK61 aOtoj, N. S.10aKomplotan kelelawar hitam /coleh N.S. Otoj. aDjakarta :bSwandjaja,c[196-?] a70 p. ;c15 cm. c63069d63069